En busca del tiempo perdido

Guardat en:
Dades bibliogràfiques
Autor principal: Proust, Marcel (Autor)
Format: Llibre
Idioma:espanyol
Publicat: Madrid Alianza 1985
Edició:14a. ed
Col·lecció:El Libro de Bolsillo. Sección Literatura
Matèries:
Etiquetes: Afegir etiqueta
Sense etiquetes, Sigues el primer a etiquetar aquest registre!

MARC

LEADER 00000nam a2200000 a 4500
001 UCO6670
003 CL-VaPUC
008 001027e19850000SP |||||||||||||||||spa|d
082 0 4 |a 843  |b PRO  |2 21 
100 0 |a Proust, Marcel  |e author  |9 316221 
245 1 0 |a En busca del tiempo perdido 
250 |a 14a. ed 
300 |a v 
942 |c BK 
945 |d 20001027 00:00:00  |a crobeson 
260 |a Madrid  |b Alianza  |c 1985 
500 |a v.1: Por el camino de Swann 
500 |a v.2: A la sombra de las muchachas en flor 
500 |a v.3: El mundo de Guermantes 
500 |a v.4: Sodoma y Gomorra 
500 |a v.5: La prisionera 
500 |a v.6: La fugitiva 
500 |a v.7: El tiempo recobrado 
650 0 |a Novela francesa  |9 264985 
650 0 |a Literatura francesa  |9 266330 
583 |a last modification  |c 20001027 00:00:00  |k Rodrigo Vera 
490 0 |a El Libro de Bolsillo. Sección Literatura 
999 |c 292146  |d 292144 
952 |0 0  |1 0  |4 0  |6 843_000000000000000_PRO_1985  |7 0  |8 A  |9 342784  |a BIBARQ  |b BIBARQ  |d 2019-11-20  |h v.1  |i 1228307  |l 1  |o 843 PRO 1985  |p 1228307  |r 2025-01-20  |s 2024-05-03  |w 2019-11-20  |y BK  |k ARQ